| 000 | 00516nam a22001817i 4500 | ||
|---|---|---|---|
| 001 | 3548 | ||
| 003 | OSt | ||
| 005 | 20170126082320.0 | ||
| 007 | tu | ||
| 008 | 161220s1997 xxu||||| |||| 00| 0 d | ||
| 024 | 7 |
_a3547 _2RID |
|
| 040 | _cOSt | ||
| 084 |
_a9.92 _a9.95 _2z |
||
| 245 | 0 | 0 |
_aMonetary Policy in Transition in East and West: Strategies, Instruments and Transmission Mechanisms _bConference, Vienna Nov. 1996 |
| 260 |
_aWien, _c1997. |
||
| 300 |
_a218 S. ; _c30cm. |
||
| 110 | 2 |
_aOesterreichische Nationalbank (OeNB) _eEd. |
|
| 942 | _cB | ||
| 999 |
_c3496 _d3496 |
||